LEADER 00869nam0-22003011i-450- 001 990000475620403321 005 20091009113521.0 035 $a000047562 035 $aFED01000047562 035 $a(Aleph)000047562FED01 035 $a000047562 100 $a20020821d1973----km-y0itay50------ba 101 0 $aeng 105 $aa-------001yy 200 1 $a<>theory of electrical conduction and breakdown in solid dielectrics$fJ. J. O'Dwyer 210 $aOxford$cClarendon Press$d1973 215 $a317 p.$cill.$d23 cm 225 1 $aMonographs on the physics and chemistry of materials 610 0 $aDielettrici 610 0 $aConduttivitą elettrica 676 $a537.2'4 700 1$aO'dwyer,$bJ.J. 801 0$aIT$bUNINA$gRICA$2UNIMARC 901 $aBK 912 $a990000475620403321 952 $a10 B I 189$b8135$fDINEL 959 $aDINEL 997 $aUNINA